| 000 | 01030nam a2200277 i 4500 | ||
|---|---|---|---|
| 001 | 196134 | ||
| 003 | ES-MaACL | ||
| 005 | 20250721063452.0 | ||
| 008 | 240813b2024 sp ||||| |||| 00| 0 spa d | ||
| 017 |
_aBA 000162-2024 _bOficina Depósito Legal Badajoz |
||
| 020 | _a9788409599196 | ||
| 040 |
_bspa _cES-MaACL |
||
| 111 | 1 |
_9238915 _aJornadas de Historia en Llerena |
|
| 245 | 1 |
_aLos retos de Europa en el siglo XXI : _b23ª Jornadas de Historia en Llerena |
|
| 260 |
_aLlerena : _bSociedad Extremeña de Historia ; _c2024 |
||
| 300 |
_a320 páginas ; _c24 cm + _b1 DVD |
||
| 336 |
_2rdacontent _atexto |
||
| 337 |
_2rdamedia _asin mediación |
||
| 338 |
_2rdacarrier _avolumen |
||
| 852 |
_aES-MaACL _cDEPOJ _jN-10138 _xEncuadernación rústica con solapas _hDonación: Editorial _9206270 |
||
| 942 |
_cMONOGRAFIA _n0 |
||
| 999 |
_c196134 _d196134 |
||